| 000 | 005710000a22002170004500 | ||
|---|---|---|---|
| 003 | LK-CoMWRAF | ||
| 005 | 20230924130029.0 | ||
| 008 | 230817t ||||| |||| 00| 0 eng d | ||
| 020 | _a0394716965 | ||
| 040 |
_aLK-CoMWRAF _dLK-CoMWRAF _eLK-CoMWRAF |
||
| 041 | _aeng | ||
| 082 |
_a294.33 _bBAR |
||
| 245 | _aThe Buddhist tradition In India, China & Japan | ||
| 260 |
_aNew York : _bVintage Books, _c1972 |
||
| 300 | _a417p | ||
| 650 | _aBuddhist | ||
| 650 | _aBuddhist-China | ||
| 650 | _aBuddhist-Japan | ||
| 700 |
_aBary, William Theodore De _eed. |
||
| 942 | _cBK | ||
| 999 |
_c1557 _d1557 |
||